| 000 | 01029cam a2200313 a 4500 | ||
|---|---|---|---|
| 001 | 14853800 | ||
| 005 | 20260330081209.0 | ||
| 008 | 070517s2008 nyuab b 001 0 eng | ||
| 010 | _a 2007020790 | ||
| 020 | _a9781850658696 | ||
| 020 | _a0231700245 | ||
| 020 | _a0231700237 | ||
| 035 | _a14853800 | ||
| 035 | _a(OCoLC)132585296 | ||
| 040 |
_aDLC _cDLC _dBAKER _dBTCTA _dYDXCP _dC#P _dIXA _dDLC |
||
| 050 | 0 | 0 |
_aDS339 _b.S77 2007 |
| 082 | 0 | 0 |
_a303.48/21824 _222 |
| 245 | 0 | 0 |
_aStruggling with history : _bIslam and cosmopolitanism in the Western Indian Ocean / |
| 260 |
_aNew York : _bColumbia University Press, _cc2007. |
||
| 300 |
_axxii, 377 p. : _bill., maps ; _c23 cm. |
||
| 440 | 0 | _aSociety and history in the Indian ocean | |
| 504 | _aIncludes bibliographical references and index. | ||
| 650 | 0 | _aIslam and culture. | |
| 650 | 0 |
_aCosmopolitanism _zIndian Ocean Region. |
|
| 700 | 1 |
_aSimpson, Edward, _d1971- |
|
| 700 | 1 | _aKresse, Kai. | |
| 906 |
_a7 _bcbc _corignew _d1 _eecip _f20 _gy-gencatlg |
||
| 942 |
_2lcc _cBK |
||
| 999 |
_c60299 _d60299 |
||